• 首页
  • 本馆介绍
  • 公告通知
  • 最新文献
  • 馆藏检索
  • 电子资源
  • 读者导购
  • 参考咨询
  • 我的图书馆
  • 登录
  • 详细信息显示
  • 放入我的书架
  • 预约/预借图书
  • 作者相关作品
  • 分类相关作品
  • 丛书相关作品
  • 出版社相关作品

书目信息

  • 表格格式
  • 工作单格式
  • 卡片格式
题名:
无机及分析化学实验
    
 
作者: 李志林 , 赵晓珑 , 焦运红 主编
分册:  
出版信息: 北京   化学工业出版社  2015
页数: 238页
开本: 26cm
丛书名:
单 册:
中图分类: O61-33 , O652.1
科图分类:
主题词: 无机化学--wu ji hua xue--化学实验--高等学校--教材 , 分析化学--fen xi hua xue--化学实验--高等学校--教材
电子资源:
ISBN: 978-7-122-25334-7
000 01280nam0 2200325 450
001 012001000293
005 20191108081601.31
010    @a978-7-122-25334-7@dCNY38.00
099    @aCAL 012015161613
100    @a20151218d2015 em y0chiy50 ea
101 0  @achi
102    @aCN@b110000
105    @aak a 000yy
106    @ar
200 1  @a无机及分析化学实验@Awu ji ji fen xi hua xue shi yan@f李志林, 赵晓珑, 焦运红主编
205    @a第2版
210    @a北京@c化学工业出版社@d2015
215    @a238页@c图@d26cm
300    @a中国石油和化学工业优秀教材 普通高等教育“十二五”规划教材
320    @a有书目
330    @a本书全面详尽地介绍了化学实验的预备知识、无机及分析化学实验中的常用仪器和基本操作, 全面覆盖了基础化学实验的基本操作和基本技能。在保持第一版基本格局的前提下, 作者重新审定了全部内容, 增加了综合设计与探索性实验项目。实验按照基本实验、提高型实验、研究创新型实验分为三大类。
606 0  @a无机化学@Awu ji hua xue@x化学实验@x高等学校@j教材
606 0  @a分析化学@Afen xi hua xue@x化学实验@x高等学校@j教材
690    @aO61-33@v5
690    @aO652.1@v5
701  0 @a李志林@ALi Zhilin@4主编
701  0 @a赵晓珑@AZhao Xiaolong@4主编
701  0 @a焦运红@AJiao Yunhong@4主编
801  0 @aCN@b北京卓展文化@c20191020
905    @b1195862-5@dO61-33@e209=2@f4
    
    无机及分析化学实验/李志林, 赵晓珑, 焦运红主编.-第2版.-北京:化学工业出版社,2015
    238页:图;26cm
    中国石油和化学工业优秀教材 普通高等教育“十二五”规划教材
    
    ISBN 978-7-122-25334-7:CNY38.00
    本书全面详尽地介绍了化学实验的预备知识、无机及分析化学实验中的常用仪器和基本操作, 全面覆盖了基础化学实验的基本操作和基本技能。在保持第一版基本格局的前提下, 作者重新审定了全部内容, 增加了综合设计与探索性实验项目。实验按照基本实验、提高型实验、研究创新型实验分为三大类。
●
相关链接 在E读中查询图书 在五车中查询图书 在当当中查询图书 在豆瓣中查询图书


正题名:无机及分析化学实验     索取号:O61-33/209=2         预约/预借

序号 登录号 条形码 馆藏地/架位号 状态 备注
1 1195862   211958620   第二样本阅览室/ [索取号:O61-33/209=2] 在馆    
2 1195863   211958639   第三借阅区/ [索取号:O61-33/209=2] 在馆    
3 1195864   211958648   第三借阅区/ [索取号:O61-33/209=2] 在馆    
4 1195865   211958657   第三借阅区/ [索取号:O61-33/209=2] 在馆    
唐山师范学院图书馆 欢迎您!
大连网信软件有限公司© 版权所有